| 000 | 01031nam0a2200301 4500 | ||
|---|---|---|---|
| 001 | RU\NLR\bibl\956997 | ||
| 005 | 20260405110946.0 | ||
| 010 |
_a5-9717-0203-3 _94000 |
||
| 021 |
_aRU _b2006-29459 _91470 |
||
| 035 | _a(NLR Aleph) 000945056 | ||
| 090 |
_a244081 _c244081 |
||
| 100 | _a20060606d2006 |||y0rusy50 ca | ||
| 101 | 0 | _arus | |
| 102 | _aRU | ||
| 105 | _ay ||||||||| | ||
| 200 | 1 |
_aПроверьте свое пищеварение _fСергей Орлов |
|
| 210 |
_aСанкт-Петербург _cКрылов _d2006 |
||
| 215 |
_a124,[1] с. _d20 |
||
| 225 | 1 | _aСерия "Ваш семейный врач" | |
| 606 | 1 |
_aПищеварительная система _xБолезни _91254244 _3RU\NLR\auth\66196706 |
|
| 686 | _aР413 | ||
| 700 | 1 |
_4070 _8rus _7ca _aОрлов _bС. И. _cврач _gСергей Иванович _3RU\NLR\auth\7742040 _924987 |
|
| 801 | 0 |
_aRU _bNLR _c20060606 _grcr |
|
| 801 | 1 |
_aRU _bNLR _c20060606 |
|
| 830 | _aАвт. по кн. | ||
| 942 | _cBOOK | ||
| 980 | _aNB | ||